| 000 | 01581cam a22003615i 4500 | ||
|---|---|---|---|
| 999 |
_c27928 _d27899 |
||
| 001 | 1201456 | ||
| 003 | EG-ScBUE | ||
| 005 | 20191221105542.0 | ||
| 008 | 980928r20131998enka f b 001 0 eng d | ||
| 020 | _a9780761959755 | ||
| 035 | _a(OCoLC)40483184 | ||
| 040 |
_aUkNcU _beng _erda _cUkNcU _dDLC _dEG-ScBUE |
||
| 082 | 0 | 4 |
_a300.72 _bHAR _222 |
| 100 | 1 |
_aHart, Chris, _eauthor. |
|
| 245 | 1 | 0 |
_aDoing a literature review : _breleasing the social science research imagination / _cChris Hart. |
| 250 | _aReprint edition. | ||
| 264 | 1 |
_aLondon : _bSage Publications Ltd., _c2013. |
|
| 300 |
_aix, 230 pages : _billustrations ; _c25 cm. |
||
| 336 |
_atext _btxt _2rdacontent |
||
| 337 |
_aunmediated _bn _2rdamedia |
||
| 338 |
_avolume _bnc _2rdacarrier |
||
| 490 | 0 | _aSage study skills | |
| 504 | _aIncludes bibliographical references and index. | ||
| 520 | _a"Doing a Literature Review offers students from across the social sciences and humanities a practical and comprehensive guide to writing a literature review. It takes the reader through the initial states of an undergraduate dissertation or postgraduate thesis."--Pub. | ||
| 650 | 7 |
_aSocial sciences _xResearch. _2BUEsh |
|
| 650 | 7 |
_aHumanities _xResearch. _2BUEsh |
|
| 650 | 7 |
_aReport writing. _2BUEsh |
|
| 653 |
_bGGEN _bHHUUPPSS _cDecember2019 |
||
| 856 | 4 | 2 |
_3Publisher description _uhttp://www.loc.gov/catdir/enhancements/fy0657/98061375-d.html |
| 856 | 4 | 1 |
_3Table of contents only _uhttp://www.loc.gov/catdir/enhancements/fy0657/98061375-t.html |
| 942 |
_2ddc _cBB |
||